2006 MLB Playoff Lineups - Statistics

General Stats
  • This quiz has been taken 26 times
  • The average score is 33 of 106
Answer Stats
Hint Hint Answer % Correct
New York Yankees SS Derek Jeter
86%
St. Louis Cardinals 1B Albert Pujols
79%
New York Yankees 3B Alex Rodriguez
79%
New York Mets CF Carlos Beltran
71%
Detroit Tigers C Ivan Rodriguez
71%
Detroit Tigers SP Justin Verlander
71%
Los Angeles Dodgers C Russell Martin
71%
St. Louis Cardinals C Yadier Molina
71%
St. Louis Cardinals SP Chris Carpenter
64%
New York Yankees DH Jason Giambi
64%
New York Yankees C Jorge Posada
64%
San Diego Padres SP Woody Williams
64%
San Diego Padres 1B Adrian Gonzalez
57%
St. Louis Cardinals SP Anthony Reyes
57%
Oakland Athletics SP Barry Zito
57%
Minnesota Twins C Joe Mauer
57%
Minnesota Twins SP Johan Santana
57%
New York Mets SS Jose Reyes
57%
San Diego Padres C Mike Piazza
57%
New York Yankees SP Randy Johnson
57%
New York Yankees 2B Robinson Cano
57%
St. Louis Cardinals MGR Tony LaRussa
57%
New York Mets 1B Carlos Delgado
50%
New York Mets 3B David Wright
50%
New York Yankees SP Jaret Wright
50%
Detroit Tigers MGR Jim Leyland
50%
Minnesota Twins 1B Justin Morneau
50%
Detroit Tigers RF Magglio Ordoñez
50%
St. Louis Cardinals 3B Scott Rolen
50%
New York Mets RF Shawn Green
50%
Minnesota Twins CF Torii Hunter
50%
San Diego Padres LF Dave Roberts
43%
St. Louis Cardinals SS David Eckstein
43%
New York Yankees 1B Gary Sheffield
43%
New York Yankees LF Hideki Matsui
43%
San Diego Padres SP Jake Peavy
43%
New York Yankees MGR Joe Torre
43%
New York Yankees CF Johnny Damon
43%
Los Angeles Dodgers SS Rafael Furcal
43%
Detroit Tigers 3B Brandon Inge
36%
San Diego Padres SP Chris Young
36%
Detroit Tigers CF Curtis Granderson
36%
New York Mets LF Endy Chavez
36%
Oakland Athletics 3B Eric Chavez
36%
St. Louis Cardinals CF Jim Edmonds
36%
New York Mets SP Oliver Perez
36%
New York Mets C Paul Lo Duca
36%
San Diego Padres MGR Bruce Bochy
29%
Los Angeles Dodgers RF J.D. Drew
29%
New York Yankees SP Mike Mussina
29%
Los Angeles Dodgers 1B Nomar Garciaparra
29%
Minnesota Twins LF Rondell White
29%
Minnesota Twins MGR Ron Gardenhire
29%
New York Yankees RF Bobby Abreu
21%
San Diego Padres RF Brian Giles
21%
Detroit Tigers SS Carlos Guillen
21%
Detroit Tigers LF Craig Monroe
21%
San Diego Padres SP David Wells
21%
Los Angeles Dodgers SP Derek Lowe
21%
Oakland Athletics DH Frank Thomas
21%
New York Mets SP John Maine
21%
New York Mets 2B Jose Valentin
21%
Oakland Athletics MGR Ken Macha
21%
Minnesota Twins 2B Luis Castillo
21%
San Diego Padres CF Mike Cameron
21%
Oakland Athletics 1B Nick Swisher
21%
St. Louis Cardinals LF Preston Wilson
21%
Detroit Tigers 1B Sean Casey
21%
New York Mets SP Tom Glavine
21%
New York Mets MGR Willie Randolph
21%
New York Yankees SP Chien-Ming Wang
14%
Los Angeles Dodgers MGR Grady Little
14%
Los Angeles Dodgers 2B Jeff Kent
14%
Los Angeles Dodgers CF Kenny Lofton
14%
Detroit Tigers SP Kenny Rogers
14%
Detroit Tigers DH Marcus Thames
14%
Oakland Athletics CF Mark Kotsay
14%
Minnesota Twins RF Michael Cuddyer
14%
Oakland Athletics RF Milton Bradley
14%
Detroit Tigers SP Nate Robertson
14%
Detroit Tigers 2B Placido Polanco
14%
St. Louis Cardinals 2B Ronnie Belliard
14%
Minnesota Twins SP Brad Radke
7%
Oakland Athletics SP Dan Haren
7%
San Diego Padres SS Geoff Blum
7%
Los Angeles Dodgers SP Greg Maddux
7%
Oakland Athletics C Jason Kendall
7%
Oakland Athletics LF Jay Payton
7%
St. Louis Cardinals SP Jeff Suppan
7%
St. Louis Cardinals SP Jeff Weaver
7%
Detroit Tigers SP Jeremy Bonderman
7%
San Diego Padres 2B Josh Barfield
7%
St. Louis Cardinals RF Juan Encarnacion
7%
Los Angeles Dodgers LF Marlon Anderson
7%
Oakland Athletics SP Rich Harden
7%
San Diego Padres 3B Russell Branyan
7%
New York Mets SP Steve Trachsel
7%
Minnesota Twins SP Boof Bosner
0%
Oakland Athletics 2B D’Angelo Jimenez
0%
Oakland Athletics SP Esteban Loaiza
0%
Los Angeles Dodgers SP Hung-Chih Kuo
0%
Minnesota Twins SS Jason Bartlett
0%
Minnesota Twins DH Jason Tyner
0%
Oakland Athletics SS Marco Scutaro
0%
Minnesota Twins 3B Nick Punto
0%
Los Angeles Dodgers 3B Wilson Betemit
0%
No matching quizzes found
Score Distribution
Percent of People with Each Score
Percentile by Number Answered
Your Score History
You have not taken this quiz